5HLuxD.jpg

KING HENRY VIII SENIOR AND PRIMARY SCHOOL LIBRARY OPAC

Encyclopedia of sharks / (Record no. 1581)

000 -LEADER
fixed length control field 01133 am a2200349 i 4500
001 - CONTROL NUMBER
control field 018436728
003 - CONTROL NUMBER IDENTIFIER
control field Uk
005 - DATE AND TIME OF LATEST TRANSACTION
control field 20230113140559.0
008 - FIXED-LENGTH DATA ELEMENTS--GENERAL INFORMATION
fixed length control field 170717r20172015enka j 001 0 eng c
015 ## - NATIONAL BIBLIOGRAPHY NUMBER
National bibliography number GBB7C7474
Source bnb
016 7# - NATIONAL BIBLIOGRAPHIC AGENCY CONTROL NUMBER
Record control number 018436728
Source Uk
020 ## - INTERNATIONAL STANDARD BOOK NUMBER
International Standard Book Number 9781786173287
Qualifying information paperback
035 ## - SYSTEM CONTROL NUMBER
System control number (UkOxU)020923495
035 ## - SYSTEM CONTROL NUMBER
System control number (StEdALDL)1/3587380
040 ## - CATALOGING SOURCE
Original cataloging agency UkOxU
Language of cataloging eng
Transcribing agency UkOxU
Modifying agency Uk
-- KH8
Description conventions rda
042 ## - AUTHENTICATION CODE
Authentication code ukscp
082 04 - DEWEY DECIMAL CLASSIFICATION NUMBER
Classification number 597.3 TAY
Edition number 23
100 1# - MAIN ENTRY--PERSONAL NAME
Personal name Taylor, Barbara,
Dates associated with a name 1954-
Relator term author.
245 10 - TITLE STATEMENT
Title Encyclopedia of sharks /
Statement of responsibility, etc. by Barbara Taylor.
264 #1 - PRODUCTION, PUBLICATION, DISTRIBUTION, MANUFACTURE, AND COPYRIGHT NOTICE
Place of production, publication, distribution, manufacture Bardfield End Green, Thaxted, Essex :
Name of producer, publisher, distributor, manufacturer Miles Kelly,
Date of production, publication, distribution, manufacture, or copyright notice [2017]
264 #4 - PRODUCTION, PUBLICATION, DISTRIBUTION, MANUFACTURE, AND COPYRIGHT NOTICE
Date of production, publication, distribution, manufacture, or copyright notice ©2015
300 ## - PHYSICAL DESCRIPTION
Extent 384 pages :
Other physical details colour illustrations ;
Dimensions 23 cm
336 ## - CONTENT TYPE
Content type term text
Source rdacontent
336 ## - CONTENT TYPE
Content type term still image
Source rdacontent
337 ## - MEDIA TYPE
Media type term unmediated
Source rdamedia
338 ## - CARRIER TYPE
Carrier type term volume
Source rdacarrier
500 ## - GENERAL NOTE
General note Publication date from bookseller's website (viewed July 2017).
500 ## - GENERAL NOTE
General note "First published in 2015 by Miles Kelly Publishing Ltd"--Title page verso.
500 ## - GENERAL NOTE
General note Includes index.
650 #0 - SUBJECT ADDED ENTRY--TOPICAL TERM
Topical term or geographic name entry element Sharks
Form subdivision Encyclopedias, Juvenile.
942 ## - ADDED ENTRY ELEMENTS (KOHA)
Source of classification or shelving scheme
Koha item type Books - Non Ficton
Holdings
Withdrawn status Lost status Source of classification or shelving scheme Damaged status Not for loan Collection code Permanent Location Current Location Shelving location Date acquired Total Checkouts Total Renewals Full call number Barcode Date last seen Date last checked out Price effective from Koha item type
          Non-Fiction KH8 Primary School Library KH8 Primary School Library Non Fiction 2023-01-13 24 4 597.3 TAY KHPL000003343 2025-12-05 2025-10-30 2023-01-13 Books - Non Ficton
          Non-Fiction KH8 Primary School Library KH8 Primary School Library Non Fiction 2023-01-13 27   597.3 TAY KHPL000003344 2026-01-16 2026-01-07 2023-01-13 Books - Non Ficton

Powered By KH8 IT Dept